[Event "GER-chT U12 Girls"]
[Site "Magdeburg"]
[Date "2023.12.28"]
[Round "3.3"]
[White "Artemenko, Isabella"]
[Black "Werner, Amelie"]
[Result "1/2-1/2"]
[WhiteElo "1041"]
[BlackElo "1311"]
[PlyCount "98"]
[EventDate "2023.12.26"]
[EventType "team-swiss"]
[EventRounds "7"]
[EventCountry "GER"]
[SourceTitle "CB03_2024"]
[SourceDate "2024.01.17"]
[SourceVersion "1"]
[SourceVersionDate "2024.01.17"]
[SourceQuality "1"]
[WhiteTeam "Bayern Muenchen"]
[BlackTeam "Garching"]
[WhiteTeamCountry "GER"]
[BlackTeamCountry "GER"]

1. d4 d5 2. Bf4 Nf6 3. e3 Bf5 4. c3 e6 5. Nd2 Be7 6. Ngf3 Nc6 7. Ne5 Nxe5 8. Bxe5 0-0 9. Nf3 h6 10. Bg3 c6 11. Bd3 Bxd3 12. Qxd3 Ne4 13. Nd2 Nxd2 14. Qxd2 Bh4 15. Bf4 Qf6 16. h3 Qg6 17. 0-0 Rfd8 18. Rac1 Rd7 19. Qc2 Qxc2 20. Rxc2 a5 21. Rd1 b5 22. Kh2 Kh7 23. Bg3 Bf6 24. f3 Re8 25. Rf1 g6 26. e4 Bg7 27. Re1 Rde7 28. Rce2 Bf8 29. Bd6 Rd7 30. Bxf8 Rxf8 31. exd5 Rxd5 32. Re5 Rfd8 33. Rxd5 Rxd5 34. Re5 Kg7 35. Re3 Kf6 36. g4 h5 37. Kg3 hxg4 38. hxg4 Kg7 39. f4 Rd6 40. Kf3 Kh6 41. Re1 Kg7 42. Re2 a4 43. Re1 Rd8 44. Re5 Rd6 45. g5 Kf8 46. Ke3 Kg7 47. Kf3 Kf8 48. Ke3 Kg7 49. Kf3 Kf8 1/2-1/2

[Event "GER-chT U12 Girls"]
[Site "Magdeburg"]
[Date "2023.12.27"]
[Round "2.4"]
[White "Artemenko, Isabella"]
[Black "Raetsch, Elina"]
[Result "1-0"]
[WhiteElo "1041"]
[BlackElo "869"]
[PlyCount "44"]
[EventDate "2023.12.26"]
[EventType "team-swiss"]
[EventRounds "7"]
[EventCountry "GER"]
[SourceTitle "CB03_2024"]
[SourceDate "2024.01.17"]
[SourceVersion "1"]
[SourceVersionDate "2024.01.17"]
[SourceQuality "1"]
[WhiteTeam "Bayern Muenchen"]
[BlackTeam "Oberschoeneweide"]
[WhiteTeamCountry "GER"]
[BlackTeamCountry "GER"]

1. d4 d5 2. Bf4 Nc6 3. e3 Nf6 4. c3 a6 5. Nd2 Bf5 6. Ngf3 e6 7. Ne5 Bd6 8. Ndf3 Bg4 9. Nxg4 Nxg4 10. Bg3 0-0 11. Qc2 e5 12. Qb3 e4 13. Nd2 Ne7 14. Be2 Qd7 15. Bxd6 cxd6 16. h3 Nf6 17. 0-0 Nf5 18. Rac1 Rac8 19. c4 Rfe8 20. cxd5 Ne7 21. Rc2 Rc7 22. Rfc1 Rec8 1-0

[Event "GER-chT Lands U20"]
[Site "Hannover"]
[Date "2023.10.05"]
[Round "7"]
[White "Artemenko, Isabella"]
[Black "Mehner, Clara"]
[Result "0-1"]
[WhiteElo "1016"]
[BlackElo "1290"]
[PlyCount "154"]
[EventDate "2023.10.01"]
[EventType "team-swiss"]
[EventRounds "7"]
[EventCountry "GER"]
[SourceTitle "EXT 2024"]
[Source "ChessBase"]
[SourceDate "2023.10.10"]
[SourceVersion "1"]
[SourceVersionDate "2023.10.10"]
[SourceQuality "1"]

1. e4 e6 2. d4 d5 3. exd5 exd5 4. Bd3 Bd6 5. Qe2+ Ne7 6. h3 c6 7. Nf3 Qd7 8. 0-0 Qe6 9. Re1 Qxe2 10. Rxe2 0-0 11. c3 b6 12. b3 c5 13. Nbd2 Bf5 14. Bxf5 Nxf5 15. Bb2 Nc6 16. Rae1 cxd4 17. Nxd4 Nfxd4 18. cxd4 Rac8 19. a3 a5 20. Nf3 f6 21. g4 Kf7 22. Kg2 Rfe8 23. Rc2 Rxe1 24. Nxe1 Kg6 25. Nf3 h5 26. a4 Rc7 27. Bc1 Nb4 28. Rxc7 Bxc7 29. Be3 Nd3 30. Bd2 f5 31. g5 Kf7 32. Kf1 Nb2 33. Bc1 Nd1 34. Ke2 Nc3+ 35. Kf1 Ne4 36. Ne5+ Bxe5 37. dxe5 Nc5 38. Be3 Ke6 39. f4 Nxb3 40. Bxb6 d4 41. Ke2 g6 42. Kd3 Kd5 43. e6 Kxe6 44. Bxd4 Kd5 45. Be3 Nc5+ 46. Bxc5 Kxc5 47. Kc3 h4 48. Kd3 Kb4 49. Kd4 Kxa4 50. Ke5 Kb5 51. Kf6 a4 52. Kxg6 a3 53. Kh7 a2 54. g6 a1Q 55. g7 Qa7 56. Kh8 Qd4 57. Kh7 Qxf4 58. g8Q Qc7+ 59. Kh8 Qc3+ 60. Kh7 Qxh3 61. Qb8+ Kc4 62. Qc8+ Kd3 63. Qd8+ Ke2 64. Qe8+ Kf2 65. Qb5 Qf3 66. Qb2+ Kg1 67. Qb1+ Kh2 68. Qb8+ f4 69. Qb2+ Qg2 70. Qb8 Qg3 71. Qb2+ Kh3 72. Qe5 f3 73. Qe6+ Kh2 74. Qa2+ f2 75. Qb2 Kh1 76. Qb1+ Qg1 77. Qb7+ Qg2 0-1

[Event "GER-chT Lands U20"]
[Site "Hannover"]
[Date "2023.10.03"]
[Round "4"]
[White "Albrecht, Sidney Jenna"]
[Black "Artemenko, Isabella"]
[Result "1/2-1/2"]
[WhiteElo "1030"]
[BlackElo "1016"]
[PlyCount "120"]
[EventDate "2023.10.01"]
[EventType "team-swiss"]
[EventRounds "7"]
[EventCountry "GER"]
[SourceTitle "EXT 2024"]
[Source "ChessBase"]
[SourceDate "2023.10.10"]
[SourceVersion "1"]
[SourceVersionDate "2023.10.10"]
[SourceQuality "1"]

1. c4 e5 2. Nc3 Nc6 3. g3 Bc5 4. Bg2 a6 5. e3 d6 6. Nge2 h5 7. b3 h4 8. Bb2 Bg4 9. Qc2 h3 10. Bd5 Nb4 11. Qb1 Nxd5 12. cxd5 Ne7 13. e4 Bf3 14. Rf1 c6 15. Qd3 Bg2 16. Rg1 Qb6 17. Nd1 cxd5 18. exd5 Nxd5 19. Ne3 Nxe3 20. fxe3 Qc6 21. Rc1 Qe4 22. Qxe4 Bxe4 23. Rf1 0-0 24. d4 exd4 25. exd4 Bb4+ 26. Nc3 Bxc3+ 27. Rxc3 Rac8 28. Rf4 Rxc3 29. Bxc3 d5 30. Rh4 Re8 31. Kd2 Bg2 32. b4 Re4 33. Rxe4 Bxe4 34. a4 Kf8 35. b5 Ke7 36. Bb4+ Kd7 37. Ba5 axb5 38. axb5 Kc8 39. Kc3 g5 40. Kb4 f5 41. Kc5 f4 42. gxf4 gxf4 43. Be1 Kc7 44. Bf2 Bd3 45. Kxd5 Bxb5 46. Ke4 Bd7 47. Kxf4 b5 48. Ke3 Kc6 49. Kd3 Kd5 50. Kc3 Bc6 51. Kb4 Bd7 52. Kc3 Bf5 53. Kb4 Bd3 54. Kc3 Bc4 55. Kb4 Ke4 56. Kc5 Kf3 57. Bg3 Ke4 58. Bf2 Kf3 59. Bg3 Ke4 60. Bf2 Kf3 1/2-1/2

[Event "GER-chT Lands U20"]
[Site "Hannover"]
[Date "2023.10.03"]
[Round "5"]
[White "Artemenko, Isabella"]
[Black "Fettan, Nua"]
[Result "0-1"]
[WhiteElo "1016"]
[BlackElo "1248"]
[PlyCount "90"]
[EventDate "2023.10.01"]
[EventType "team-swiss"]
[EventRounds "7"]
[EventCountry "GER"]
[SourceTitle "EXT 2024"]
[Source "ChessBase"]
[SourceDate "2023.10.10"]
[SourceVersion "1"]
[SourceVersionDate "2023.10.10"]
[SourceQuality "1"]

1. e4 e5 2. Nf3 Nc6 3. Bc4 Nf6 4. 0-0 d5 5. exd5 Nxd5 6. d3 Bc5 7. c3 Nb6 8. Bb3 0-0 9. Bg5 Qd6 10. Re1 Qg6 11. Bc2 Bg4 12. d4 Bxf3 13. Bxg6 Bxd1 14. dxc5 fxg6 15. Rxd1 Na4 16. b4 Nb2 17. Rd2 Nc4 18. Re2 h6 19. Nd2 Nxd2 20. Bxd2 Rad8 21. h3 Rfe8 22. Rae1 g5 23. f4 gxf4 24. Bxf4 Kf7 25. Bxe5 Nxe5 26. Rxe5 Rxe5 27. Rxe5 Rd1+ 28. Kh2 Rc1 29. Rf5+ Ke6 30. Rf3 Rc2 31. a4 b6 32. cxb6 axb6 33. Kg3 Ra2 34. Re3+ Kf6 35. Rd3 Rxa4 36. Rd7 Ra7 37. Rd4 c5 38. Rd6+ Ke5 39. Rxb6 c4 40. Rb5+ Ke4 41. Ra5 Rd7 42. Rc5 Rd3+ 43. Kg4 Rxc3 44. b5 Kd4 45. Rc6 Rb3 0-1

[Event "GER-chT Lands U20"]
[Site "Hannover"]
[Date "2023.10.01"]
[Round "1"]
[White "Kovalskyy, Alicia"]
[Black "Artemenko, Isabella"]
[Result "1-0"]
[WhiteElo "1524"]
[BlackElo "1016"]
[PlyCount "117"]
[EventDate "2023.10.01"]
[EventType "team-swiss"]
[EventRounds "7"]
[EventCountry "GER"]
[SourceTitle "EXT 2024"]
[Source "ChessBase"]
[SourceDate "2023.10.10"]
[SourceVersion "1"]
[SourceVersionDate "2023.10.10"]
[SourceQuality "1"]

1. e4 e5 2. Nf3 Nc6 3. Bc4 Bc5 4. d3 Nf6 5. 0-0 d6 6. h3 0-0 7. Bg5 h6 8. Bh4 Re8 9. Nc3 Be6 10. Bb3 Bxb3 11. axb3 Re6 12. Nd5 Nb4 13. Nxf6+ Rxf6 14. Bxf6 Qxf6 15. c3 Nc6 16. Qd2 a6 17. b4 Ba7 18. c4 Bb6 19. b5 Nd4 20. Nxd4 Bxd4 21. bxa6 Rxa6 22. Rxa6 bxa6 23. Ra1 Qd8 24. Rxa6 Qb8 25. b4 Qb7 26. b5 Bb6 27. Qa2 Bd4 28. Ra8+ Kh7 29. Qa6 Qb6 30. Qxb6 Bxb6 31. Kf1 Kg6 32. Ke2 f5 33. f3 f4 34. Rg8 Kf7 35. Rd8 g5 36. Kf1 Kg6 37. g4 fxg3 38. Kg2 Kh5 39. Kxg3 Kg6 40. Kg2 Kh5 41. Kg3 Kg6 42. Ra8 Kh5 43. Ra1 Bd4 44. Rh1 Be3 45. Ra1 Bf4+ 46. Kg2 Be3 47. Kg3 Bf4+ 48. Kf2 Kh4 49. Ra7 Kxh3 50. Rxc7 h5 51. b6 h4 52. b7 Bg3+ 53. Kg1 Bh2+ 54. Kh1 Bf4 55. b8Q Kg3 56. Qb1 Be3 57. Qf1 g4 58. Qg2+ Kf4 59. Qxg4# 1-0

[Event "GER-chT U12 Girls"]
[Site "Berlin"]
[Date "2022.12.29"]
[Round "6.3"]
[White "Breja, Eva"]
[Black "Artemenko, Isabella"]
[Result "1-0"]
[WhiteElo "988"]
[BlackElo "937"]
[PlyCount "97"]
[EventDate "2022.12.26"]
[EventType "team-swiss"]
[EventRounds "7"]
[EventCountry "GER"]
[SourceTitle "EXT 2024"]
[Source "ChessBase"]
[SourceDate "2023.10.10"]
[SourceVersion "1"]
[SourceVersionDate "2023.10.10"]
[SourceQuality "1"]
[WhiteTeam "Magdeburg Schachzwerge"]
[BlackTeam "Bayern Muenchen"]
[WhiteTeamCountry "GER"]
[BlackTeamCountry "GER"]

1. e4 e5 2. Nf3 Nc6 3. Bc4 Bc5 4. Nc3 Nf6 5. d3 d6 6. Be3 Bb6 7. h3 h6 8. Qd2 Be6 9. Bb3 Qd7 10. 0-0-0 0-0-0 11. d4 Rhe8 12. Rhe1 Bxb3 13. axb3 exd4 14. Nxd4 Nxe4 15. Nxe4 Rxe4 16. f3 Ree8 17. Qc3 f6 18. Nxc6 Bxe3+ 19. Rxe3 Qxc6 20. Rde1 Qxc3 21. bxc3 a6 22. Rxe8 Rxe8 23. Rxe8+ Kd7 24. Rg8 Ke6 25. Rxg7 c6 26. Rxb7 Kd5 27. Rb6 Kc5 28. Rxa6 Kb5 29. Ra8 Kc5 30. Rh8 Kd5 31. Rxh6 Ke5 32. h4 Kf5 33. Rh8 Kg6 34. h5+ Kg7 35. Rc8 c5 36. b4 Kh6 37. bxc5 dxc5 38. Rxc5 Kg7 39. Rf5 Kh6 40. c4 Kg7 41. c5 Kh6 42. c6 Kg7 43. c7 Kh6 44. c8Q Kg7 45. Qd7+ Kh6 46. Qe6 Kg7 47. Qxf6+ Kg8 48. Qe7 Kh8 49. Rf8# 1-0